| 000 | 00439nam a2200181Ia 4500 | ||
|---|---|---|---|
| 008 | 230524s9999 xx 000 0 und d | ||
| 020 | _a8173191026 | ||
| 082 |
_a4.16 _bBAS |
||
| 100 | _aD.K.Basu | ||
| 245 | 0 | _aComputer Systems And Data Analysis | |
| 250 | _a2ND | ||
| 260 |
_aLONDON _bNarosa _c2005 |
||
| 300 | _aXVII;433 | ||
| 500 | _aQuantity Number: 2 | ||
| 650 | _aComp-Sc | ||
| 700 | _a" M.Nasipuri ,M. Kundu,,," | ||
| 942 | _cBK | ||
| 999 |
_c6384 _d6384 |
||